000 00677nam a2200169 a 4500
001 000030188
005 20200930060121.0
008 110504s1980 dr c 000 0 spa d
040 _aDO-SdBNP
_bspa
_cBNPHU
082 _axxx
_bP441a
100 1 _aPeriche Vidal, Fernándo
_955307
245 1 0 _aAhorro de energía /
_cFernándo Periche Vidal.
260 _aSanto Domingo :
_bCorporación Dominicana de Electricidad,
_c1980.
300 _a[12 p.] :
_bretr. ;
_c23 cm.
500 _aCharla pronunciada por el ingeniero Fernándo Periche Vidal, administrador general de la Corporación Dominicana de Electricidad en el club de ejecutivos el 18 de septiembre de 1980
049 _aBNPD
999 _c29680
_d29680